Save Christmas By Guessing Countries - Statistics

General Stats
  • This quiz has been taken 5,791 times
    5,639 since last reset
  • The average score is 1140 of 2073
Answers on the Map
Answers color-coded by a green-red scale on the quiz's map according to % correct below.
 
Answer Stats
Country % Correct
United States
97%
China
92%
Russia
92%
Brazil
89%
India
88%
Canada
83%
Mexico
83%
United Kingdom
80%
France
77%
Australia
69%
Germany
69%
Spain
66%
Argentina
61%
Japan
61%
Niger
60%
Egypt
58%
Indonesia
57%
Nigeria
56%
D. R. Congo
55%
South Africa
53%
Iran
52%
Italy
49%
Pakistan
49%
Algeria
45%
Saudi Arabia
42%
Turkey
40%
Ethiopia
39%
Peru
39%
R. Congo
39%
Sudan
39%
Ukraine
39%
Chile
37%
Sweden
34%
Thailand
34%
Iraq
33%
Colombia
32%
Poland
32%
Vietnam
32%
Bangladesh
31%
Philippines
30%
South Korea
29%
Norway
28%
Chad
27%
Denmark
27%
Dominican Republic
25%
Libya
25%
Finland
24%
Kenya
23%
Mali
23%
Mongolia
23%
Portugal
23%
Ireland
21%
Kazakhstan
20%
Morocco
20%
Tanzania
20%
Angola
19%
Myanmar
19%
Iceland
18%
Malaysia
18%
Somalia
17%
Afghanistan
16%
Venezuela
16%
Bolivia
15%
Central African Republic
14%
New Zealand
13%
Greece
12%
North Korea
12%
United Arab Emirates
12%
Yemen
12%
Oman
11%
Uganda
11%
Cuba
10%
Laos
10%
Nepal
9%
Netherlands
9%
Romania
9%
South Sudan
9%
Ecuador
8%
Ghana
8%
Austria
7%
Cambodia
7%
Madagascar
7%
Mozambique
7%
Namibia
7%
Panama
7%
Papua New Guinea
7%
Paraguay
7%
Syria
7%
Taiwan
7%
Belgium
6%
Cameroon
6%
Mauritania
6%
Tunisia
6%
Uruguay
6%
Zambia
6%
Guatemala
5%
Haiti
5%
Israel
5%
Switzerland
5%
Belarus
4%
Hungary
4%
Sri Lanka
4%
Togo
4%
Bahamas
3%
Belize
3%
Benin
3%
Bhutan
3%
Botswana
3%
Czech Republic
3%
Estonia
3%
Honduras
3%
Ivory Coast
3%
Jamaica
3%
Jordan
3%
Latvia
3%
Lithuania
3%
Senegal
3%
Singapore
3%
Zimbabwe
3%
Albania
2%
Andorra
2%
Bulgaria
2%
Burkina Faso
2%
Costa Rica
2%
Croatia
2%
Dominica
2%
El Salvador
2%
Fiji
2%
Guinea
2%
Guyana
2%
Malawi
2%
Nicaragua
2%
Qatar
2%
Rwanda
2%
Serbia
2%
Slovakia
2%
Suriname
2%
Uzbekistan
2%
Vatican City
2%
Antigua & Barbuda
1%
Armenia
1%
Bahrain
1%
Barbados
1%
Bosnia & Herzegovina
1%
Brunei
1%
Burundi
1%
Cyprus
1%
Djibouti
1%
Eritrea
1%
Eswatini
1%
F. S. Micronesia
1%
Gabon
1%
Gambia
1%
Georgia
1%
Grenada
1%
Kiribati
1%
Kosovo
1%
Kuwait
1%
Kyrgyzstan
1%
Lebanon
1%
Lesotho
1%
Liberia
1%
Luxembourg
1%
Maldives
1%
Malta
1%
Moldova
1%
Monaco
1%
Montenegro
1%
Nauru
1%
North Macedonia
1%
Palau
1%
Samoa
1%
San Marino
1%
Slovenia
1%
St. Kitts & Nevis
1%
St. Lucia
1%
Tajikistan
1%
Tonga
1%
Trinidad & Tobago
1%
Turkmenistan
1%
Tuvalu
1%
Azerbaijan
0%
Cape Verde
0%
Comoros
0%
East Timor
0%
Equatorial Guinea
0%
Guinea-Bissau
0%
Liechtenstein
0%
Marshall Islands
0%
Mauritius
0%
Sao Tome & Principe
0%
Seychelles
0%
Sierra Leone
0%
Solomon Islands
0%
St. Vincent & the Grenadines
0%
Vanuatu
0%
No matching quizzes found
Score Distribution
Percent of People with Each Score
Percentile by Number Answered
Your Score History
You have not taken this quiz since the last reset